| 000 | 00596nam a2200193 a 4500 | ||
|---|---|---|---|
| 001 | 4230 | ||
| 003 | CDMR | ||
| 005 | 20151030104202.0 | ||
| 008 | 130130s1972||||||||||||||||||||||||||||d | ||
| 040 |
_aCDMR _bcat _cCDMR |
||
| 245 | 0 | 0 |
_aComunicación y cultura _b: la teoría de la comunicación humana _cAlfred G. Smith (comp.) |
| 260 |
_aBuenos Aires _c1972 _bNueva Visión |
||
| 300 | _a248 p. | ||
| 490 | 0 | _aTeoría e investigación de las Ciencias del Hombre | |
| 650 | 0 | 4 |
_92085 _aComunicació _xTeoria |
| 650 | 0 | 4 |
_9388 _aComunicació humana |
| 700 |
_93065 _aSmith, Alfred G. |
||
| 942 |
_cMON _2udc |
||
| 999 |
_c4230 _d4230 |
||